Name the Vampire Diaries character - Statistics

General Stats
  • This quiz has been taken 677 times
  • The average score is 31 of 48
Answer Stats
Picture Answer % Correct
Bonnie Bennett
99%
Damon Salvatore
99%
Elena Gilbert
99%
Caroline Forbes
98%
Stefan Salvatore
98%
Jeremy Gilbert
97%
Katherine Pierce
97%
Matt Donovan
97%
Alaric Saltzman
96%
Tyler Lockwood
96%
Jenna Sommers
94%
Niklaus Mikaelson
94%
Lexi Branson
89%
John Gilbert
85%
Enzo St. John
84%
Rebekah Mikaelson
84%
Malachai Parker
82%
Sheriff Forbes
81%
Kol Mikaelson
78%
Isobel Flemming
77%
Josette Laughlin
75%
Mason Lockwood
75%
Silas
74%
Hayley Marshall
73%
Rose
70%
Elijah Mikaelson
68%
Carol Lockwood
66%
Anna
63%
Liv Parker
63%
Tom Avery
58%
Luke Parker
56%
Sybil
51%
Mikael Mikaelson
50%
Esther Mikaelson
47%
Finn Mikaelson
44%
Sarah Nelson
44%
Meredith Fell
41%
Lilian Salvatore
39%
Valerie Tulle
38%
Nadia Petrova
34%
Jules
33%
Zach Salvatore
32%
Logan Fell
30%
Atticus Shane
28%
Qetsiyah
22%
William Tanner
21%
Wes Maxfield
20%
Dorian Williams
12%
No matching quizzes found
Score Distribution
Percent of People with Each Score
Percentile by Number Answered
Your Score History
You have not taken this quiz